Statistics for Top 15 Countries That Watch the Most YouTube

Click here to take the quiz!

General Stats

  • This quiz has been taken 25 times
  • The average score is 12 of 15

Answer Stats

YouTube
Audience Size
(in millions)
Country% Correct
52.6France
96%
72.6Germany
96%
57.6United Kingdom
96%
247United States
96%
138Brazil
92%
467India
92%
80.6Mexico
92%
102Japan
88%
106Russia
88%
139Indonesia
84%
46.4South Korea
68%
71.7Pakistan
64%
56.5Philippines
64%
57.4Turkey
60%
62.5Vietnam
56%

Score Distribution

Percentile by Number Answered

Percent of People with Each Score

Your Score History

You have not taken this quiz